Statistics for The Most Guessed Things on the Most Played Quizzes

Click here to take the quiz!

General Stats

  • This quiz has been taken 63 times
    (56 since last reset)
  • The average score is 38 of 43

Answer Stats

Percent GuessedCountry% Correct
Countries by First 2 Letters93Ca
100%
Countries of the world97United States
98%
United States Map94California
98%
Fifty States in 1 Minute85California
98%
United States96California
98%
World Capitals84Washington DC
98%
US Presidents97George Washington
98%
Europe Map91France
98%
Fifty States in 1 Minute71Washington
96%
United States Map88Washington
96%
Countries by First 2 Letters92Ch
96%
United States93Washington
96%
Europe Map93United Kingdom
94%
United States94New York
94%
Countries of the world96Canada
94%
United States94Florida
93%
Fifty States in 1 Minute69Florida
93%
United States Map88Florida
93%
Europe Map92Spain
93%
United States Map92Texas
91%
Fifty States in 1 Minute75Texas
91%
United States96Texas
91%
World Capitals91Paris
91%
World Capitals88London
91%
Countries by First 2 Letters88Ru
91%
Europe Map92Russia
89%
Countries of the world96Russia
89%
Countries of the world95China
87%
Countries of the world95Mexico
87%
Europe Map93Italy
87%
US Presidents98Barack Obama
85%
US Presidents97Donald Trump
85%
US Presidents96George H.W. Bush
80%
Countries by First 2 Letters85Au
80%
US Presidents96George W. Bush
80%
Countries by First 2 Letters85Br
78%
World Capitals88Rome
76%
United States Map90Alaska
74%
World Capitals87Berlin
70%
United States Map91Hawaii
70%
Europe Map91Portugal
70%
Countries by First 2 Letters89Un
65%
Fifty States in 1 Minute63Idaho
39%

Score Distribution

Percentile by Number Answered

Percent of People with Each Score

Your Score History

You have not taken this quiz since the last reset